Top 5 Squarest Countries - Statistics

General Stats
  • This quiz has been taken 43 times
  • The average score is 2 of 5
Answer Stats
Hint Answer % Correct
1. Egypt
88%
5. Libya
44%
2. Equatorial Guinea
40%
4. Ivory Coast
40%
3. Suriname
32%
No matching quizzes found
Score Distribution
Percent of People with Each Score
Percentile by Number Answered
Your Score History
You have not taken this quiz